Old path white cloud: (Record no. 10449)
[ view plain ]
| 000 -LEADER | |
|---|---|
| fixed length control field | 00412nam a2200145 4500 |
| 001 - CONTROL NUMBER | |
| control field | 5910 |
| 005 - DATE AND TIME OF LATEST TRANSACTION | |
| control field | 20250624150806.0 |
| 008 - FIXED-LENGTH DATA ELEMENTS--GENERAL INFORMATION | |
| fixed length control field | 250624b |||||||| |||| 00| 0 eng d |
| 020 ## - INTERNATIONAL STANDARD BOOK NUMBER | |
| International Standard Book Number | 9788121606752 |
| 022 ## - INTERNATIONAL STANDARD SERIAL NUMBER | |
| International Standard Serial Number | 9788121606752 |
| 245 00 - TITLE STATEMENT | |
| Title | Old path white cloud: |
| Remainder of title | walking in the footsteps of the Buddha. |
| 260 00 - PUBLICATION, DISTRIBUTION, ETC. | |
| Place of publication, distribution, etc. | New Delhi: |
| Name of publisher, distributor, etc. | Full circle publishing Pvt.Ltd. |
| Date of publication, distribution, etc. | 1997. |
| 300 00 - PHYSICAL DESCRIPTION | |
| Extent | 575 p. |
| 942 ## - ADDED ENTRY ELEMENTS (KOHA) | |
| Source of classification or shelving scheme | Dewey Decimal Classification |
| Koha item type | Main |
| Withdrawn status | Lost status | Source of classification or shelving scheme | Damaged status | Not for loan | Home library | Current library | Shelving location | Date acquired | Inventory number | Full call number | Barcode | Date last seen | Price effective from | Koha item type | Public note |
|---|---|---|---|---|---|---|---|---|---|---|---|---|---|---|---|
| Dewey Decimal Classification | RTC Library | RTC Library | Main opac | 24/06/2025 | 19528 | 294.363 | 30020746 | 24/06/2025 | 24/06/2025 | Main | Donated by Mr.Kuenga Norbu,Student President |